| 000 | 01276pem a2200397 a 4500 | ||
|---|---|---|---|
| 001 | 5556004 | ||
| 003 | ost | ||
| 005 | 20140310184456.0 | ||
| 007 | ad|canzn | ||
| 008 | 971117s1998 ilu e 1 eng | ||
| 010 | _a 97048459 | ||
| 020 | _a0439134044 | ||
| 020 | _a0439134044 | ||
| 034 | 0 | _aa | |
| 040 |
_aDLC _cDLC _dDLC |
||
| 050 | 0 | 0 |
_aG 1046.D4 _b.L5 1999 |
| 100 | 1 |
_aLlewellyn, Claire. _928346 |
|
| 245 | 1 | 0 |
_aAnimal atlas / _cClaire Llewellyn. |
| 246 | 1 | 4 | _aWorld Book Encyclopedia presents animal atlas |
| 255 | _aScale not given. | ||
| 260 |
_aChicago, IL : _bScholastic, _c1999. |
||
| 300 |
_a1 atlas (48 p.) : _bcol. ill., col. maps ; _c35 cm. |
||
| 521 | _aG9 | ||
| 526 | _c1010 | ||
| 650 | 0 |
_aZoogeography _xMaps for children. _928347 |
|
| 650 | 0 |
_aChildren's atlases. _928348 |
|
| 650 | 1 |
_aAnimals. _927385 |
|
| 650 | 1 |
_aAtlases. _916835 |
|
| 710 | 2 |
_aWorld Book Encyclopedia, inc. _928349 |
|
| 710 | 2 |
_aTwo-Can (Firm) _928350 |
|
| 906 |
_a7 _bcbc _corigcop _du _eocip _f19 _gy-geogmaps |
||
| 942 |
_2lcc _cBK-SCHOLAS |
||
| 999 |
_c34657 _d34657 |
||